000 00718cam a2200253ua 4500
001 5938
005 20260515113946.0
008 131109n ii |||gr||||Z||||||eng
020 _a81-237-249-X
040 _cMAIN
082 _a954.035
100 _aChandra,Bipan,
_eAuthor.
100 _aChandra,Bipan,
_eAuthor.
245 _aFreedom Struggle
_cby Bipan Chandra
250 _a2nd.
260 _aDelhi:
_bNational Book Trust,
_c1994.
300 _avii,185p.
653 _aHistory
653 _aFreedom Struggle of India
700 _aDe Barun,
_eAuthor.,
_eAuthor.,
_eAuthor.,
_eAuthor.
700 _aTripathi,Amales,
_eAuthor.,
_eAuthor.,
_eAuthor.,
_eAuthor.
700 _aTripathi,Amales,
_eAuthor.
942 _cBK
999 _c5087
_d5087